00541nam a2200169Ia 4500008004100000020001800041041000800059082001700067100003200084245007400116260002900190300003100219365001600250700003200266906005400298999001900352230714s9999 xx 000 0 und d a9790000000000 aeng a658.477bSIN aSingh R.B. (Editor)9196296 aNatural Hazards And Disaster ManagementbVulnerability And Mitigation c2013bRawat Publications a352dRef 1571 E ME (48025) cRs.b975.00 aSingh R.B. (Editor)9196296 dO:0396809-Jul-2014B:78530-Jun-2014cME ETCb487.5 c212443d212443